[Event "Saint Louis Open"]
[Site "?"]
[Date "2010.04.10"]
[Round "1"]
[White "Barrett, Matt"]
[Black "Veech, John"]
[Result "0-1"]
[WhiteElo "1788"]
[BlackElo "2052"]
[PlyCount "88"]
[EventDate "2010.??.??"]
[SourceDate "2010.04.10"]

1. e4 c5 2. Nf3 d6 3. d4 cxd4 4. Nxd4 Nf6 5. Nc3 a6 6. Be3 e6 7. Bc4 b5 8. Bb3
Be7 9. Qe2 O-O 10. a3 Bb7 11. Bxe6 fxe6 12. Nxe6 Qe8 13. Nxf8 Bxf8 14. f3 Nbd7
15. Bd4 Qe6 16. O-O Rc8 17. Rfe1 g6 18. Rad1 Bg7 19. Nd5 Ne5 20. Nxf6+ Bxf6 21.
b3 Nf7 22. Bxf6 Qxf6 23. Rd3 Qb2 24. Rd2 Qxa3 25. Red1 Rc3 26. e5 Qc5+ 27. Kh1
Re3 28. b4 Qxe5 29. Qf1 d5 30. f4 Qe4 31. Qf2 Nd6 32. Rd4 Qe6 33. Qh4 Kg7 34.
g4 Ne4 35. g5 Nc3 36. Rf1 Qf5 37. Qf2 Re4 38. Re1 Qe6 39. Rdxe4 Nxe4 40. Qd4+
Kg8 41. Rf1 Qh3 42. Kg1 Qg4+ 43. Kh1 Qe2 44. Kg1 Nd2 0-1

[Event "Saint Louis Open"]
[Site "?"]
[Date "2010.04.10"]
[Round "1"]
[White "Ding, Jialin"]
[Black "Gaul, Tom"]
[Result "1-0"]
[WhiteElo "2047"]
[BlackElo "1787"]
[PlyCount "99"]
[EventDate "2010.??.??"]
[SourceDate "2010.04.10"]

1. e4 e6 2. d4 d5 3. Nc3 Nf6 4. Bg5 Be7 5. e5 Nfd7 6. h4 a6 7. Bxe7 Qxe7 8. Qg4
f5 9. Qf4 Nc6 10. Nf3 b5 11. Bd3 Nb6 12. O-O h6 13. Ne2 Bd7 14. c3 Nd8 15. b4
Nf7 16. h5 Rg8 17. Nh4 Nh8 18. Qg3 Kd8 19. Nf4 Qg5 20. Be2 c6 21. Qh2 a5 22.
Rfb1 a4 23. a3 Nc8 24. Kh1 Qe7 25. Rg1 Qf7 26. g4 Ne7 27. gxf5 exf5 28. Bd3 g5
29. hxg6 Nhxg6 30. Nhxg6 Nxg6 31. Nxg6 Rxg6 32. Rxg6 Qxg6 33. Rg1 Qh7 34. Rg5
Kc8 35. Rh5 Qe7 36. Rxh6 Qg5 37. f4 Qg7 38. e6 Bxe6 39. Rxe6 Kb7 40. Rh6 Kb6
41. Rh7 Qg4 42. Be2 Qg6 43. Rh6 Qe8 44. Bf3 Ra7 45. Bxd5 Re7 46. Bf3 Qg8 47.
Qf2 Kc7 48. d5 Kd8 49. Qb6+ Rc7 50. d6 1-0

[Event "Saint Louis Open"]
[Site "?"]
[Date "2010.04.10"]
[Round "3"]
[White "Kasick, Jason"]
[Black "Finegold, Spencer"]
[Result "0-1"]
[WhiteElo "2092"]
[BlackElo "1926"]
[PlyCount "54"]
[EventDate "2010.??.??"]
[SourceDate "2010.04.10"]

1. d4 d6 2. c4 g6 3. Nc3 Bg7 4. e4 Nc6 5. Be3 e5 6. Nge2 f5 7. f3 Nf6 8. d5 Ne7
9. Qd2 O-O 10. O-O-O a6 11. Kb1 Bd7 12. Nc1 Rb8 13. Bd3 b5 14. c5 b4 15. N3e2
Bb5 16. Nb3 fxe4 17. Bxe4 c6 18. cxd6 Nexd5 19. Bc5 a5 20. g4 a4 21. Nbc1 Qa5
22. g5 Nc3+ 23. Nxc3 bxc3 24. Qc2 Bc4 25. Ba3 Nd5 26. Bxd5+ cxd5 27. Ka1 Rxb2
0-1

[Event "Saint Louis Open"]
[Site "?"]
[Date "2010.04.10"]
[Round "1"]
[White "Hua, Margaret"]
[Black "Frank, Josh"]
[Result "0-1"]
[WhiteElo "1777"]
[BlackElo "2021"]
[PlyCount "104"]
[EventDate "2010.??.??"]
[SourceDate "2010.04.10"]

1. e4 d6 2. d4 Nf6 3. Nc3 g6 4. Nf3 Bg7 5. h3 O-O 6. Be3 Nbd7 7. Bd3 e5 8. dxe5
dxe5 9. Qd2 Re8 10. O-O-O c6 11. g4 Qa5 12. Nh4 Nc5 13. Be2 Be6 14. a3 Rad8 15.
Bd3 Rxd3 16. Qe2 Rxd1+ 17. Rxd1 Nfxe4 18. Nxe4 Nxe4 19. Nf3 Bf8 20. Qd3 Nc5 21.
Bxc5 Qxc5 22. Qe2 Bd5 23. Ne1 e4 24. h4 Bg7 25. Kb1 Qb6 26. b4 Bc3 27. Qe3 Qxe3
28. fxe3 Be6 29. Ng2 Bxg4 30. Rd6 Kf8 31. Kc1 Ke7 32. Rd2 Bxd2+ 33. Kxd2 Rd8+
34. Kc3 Rd1 35. Nf4 Rf1 36. Kd4 Rxf4 37. exf4 f5 38. c4 Kd6 39. a4 c5+ 40.
bxc5+ Kc6 41. a5 a6 42. Ke5 e3 43. Kf6 e2 44. Kg7 e1=Q 45. h5 Qe7+ 46. Kh6 Qf6
47. Kxh7 gxh5 48. Kg8 h4 49. Kh7 h3 50. Kg8 h2 51. Kh7 h1=R+ 52. Kg8 Rh8# 0-1

[Event "Saint Louis Open"]
[Site "?"]
[Date "2010.04.10"]
[Round "1"]
[White "Ho, Randy"]
[Black "Stallmann, Wayde"]
[Result "1-0"]
[WhiteElo "2019"]
[BlackElo "1775"]
[PlyCount "59"]
[EventDate "2010.??.??"]
[SourceDate "2010.04.10"]

1. e4 Nc6 2. d4 e5 3. Nf3 exd4 4. Bc4 d6 5. Nxd4 Nf6 6. Nc3 Be7 7. O-O O-O 8.
h3 Bd7 9. Be3 Nxd4 10. Bxd4 Bc6 11. Re1 Re8 12. Bb3 Nd7 13. Qh5 Rf8 14. Rad1
Bf6 15. Be3 Bxc3 16. bxc3 Qf6 17. Bd4 Qg6 18. Qh4 Rae8 19. Bd5 Bxd5 20. exd5
Qxc2 21. Bxg7 Rxe1+ 22. Rxe1 Kxg7 23. Qg4+ Kf6 24. Qxd7 Qxc3 25. Qe7+ Kg7 26.
Re3 Qa1+ 27. Kh2 Rg8 28. Qxc7 Qxa2 29. Rg3+ Kh8 30. Qc3+ 1-0

[Event "Saint Louis Open"]
[Site "?"]
[Date "2010.04.10"]
[Round "1"]
[White "Howe, Bob"]
[Black "Davies, Jim"]
[Result "1/2-1/2"]
[WhiteElo "1718"]
[BlackElo "2008"]
[PlyCount "70"]
[EventDate "2010.??.??"]
[SourceDate "2010.04.10"]

1. e4 c5 2. Nf3 Nc6 3. Bb5 g6 4. Bxc6 dxc6 5. d3 Bg7 6. Nc3 e5 7. O-O Qc7 8.
Be3 b6 9. Rb1 Ne7 10. Ne1 f5 11. f4 O-O 12. fxe5 Bxe5 13. Nf3 Bg7 14. Qe1 fxe4
15. Nxe4 Nf5 16. Bd2 Bd7 17. Bc3 Bd4+ 18. Nxd4 cxd4 19. Bd2 Rae8 20. Bf4 Qc8
21. Qd2 Rf7 22. Nd6 Nxd6 23. Bxd6 Bf5 24. Rf2 Qe6 25. Bf4 Qxa2 26. Re1 Rfe7 27.
Rfe2 Rxe2 28. Rxe2 Re6 29. b3 Qa1+ 30. Kf2 Qa3 31. Rxe6 Bxe6 32. Qe2 Bd5 33.
Qe8+ Qf8 34. Qxf8+ Kxf8 35. Bb8 a6 1/2-1/2

[Event "Saint Louis Open"]
[Site "?"]
[Date "2010.04.10"]
[Round "1"]
[White "Karlow, Nick"]
[Black "Humphries, Dennis"]
[Result "1-0"]
[WhiteElo "2004"]
[BlackElo "1700"]
[PlyCount "81"]
[EventDate "2010.??.??"]
[SourceDate "2010.04.10"]

1. Nf3 d5 2. g3 g6 3. Bg2 Bg7 4. O-O Nf6 5. c4 O-O 6. d3 c6 7. Nc3 dxc4 8. dxc4
Be6 9. b3 Ne4 10. Nxe4 Bxa1 11. Ba3 Bg7 12. Qxd8 Rxd8 13. Bxe7 Rd7 14. Ba3 Na6
15. Nfg5 Bf5 16. Nd6 Rad8 17. e4 Be6 18. c5 h6 19. Nxe6 fxe6 20. Bh3 Nc7 21.
Nxb7 Rb8 22. Nd6 Kf8 23. f4 Ke7 24. Kg2 Nb5 25. Bb4 Bc3 26. Bxc3 Nxc3 27. f5
Rf8 28. g4 g5 29. Rf2 Rdd8 30. e5 Rb8 31. f6+ Kd7 32. Kg3 a5 33. Bf1 a4 34. Bc4
axb3 35. axb3 Ra8 36. h4 Ra1 37. hxg5 hxg5 38. Rh2 Nd5 39. Rh7+ Kd8 40. Bxd5
cxd5 41. c6 1-0

[Event "Saint Louis Open"]
[Site "?"]
[Date "2010.04.10"]
[Round "1"]
[White "Hess, Peter"]
[Black "Schmidt, Roger"]
[Result "1-0"]
[WhiteElo "1959"]
[BlackElo "1289"]
[PlyCount "67"]
[EventDate "2010.??.??"]
[SourceDate "2010.04.10"]

1. e4 e5 2. Nf3 Nf6 3. Nxe5 d6 4. Nc4 Nxe4 5. d3 Nf6 6. g3 Bd7 7. Bg2 Bc6 8.
O-O Bxg2 9. Re1+ Be7 10. Kxg2 O-O 11. b3 Nc6 12. Bb2 Qd7 13. Nbd2 b5 14. Ne3
Ne5 15. d4 Ng6 16. Qf3 c6 17. c4 h5 18. Nf5 d5 19. Nxe7+ Nxe7 20. cxb5 cxb5 21.
Rac1 Rfe8 22. Rc5 Qf5 23. Rxb5 Qxf3+ 24. Nxf3 Nf5 25. Rxe8+ Rxe8 26. Ne5 Nd6
27. Ra5 Rc8 28. Ba3 Nde4 29. Bc5 Rc7 30. Rxa7 Rxa7 31. Bxa7 Nc3 32. a4 Nfe4 33.
Bb6 Nd2 34. Ba5 1-0

[Event "Saint Louis Open"]
[Site "?"]
[Date "2010.04.10"]
[Round "1"]
[White "Lodge, Matt"]
[Black "Parmet, Daniel"]
[Result "0-1"]
[WhiteElo "1228"]
[BlackElo "1959"]
[PlyCount "102"]
[EventDate "2010.??.??"]
[SourceDate "2010.04.10"]

1. e4 e5 2. Nf3 Nc6 3. d4 exd4 4. Nxd4 Bc5 5. Be3 Qf6 6. c3 Nge7 7. Bc4 Ne5 8.
Bb3 O-O 9. O-O d6 10. Nd2 Bg4 11. Qc2 Qg6 12. Kh1 Bd7 13. Nc4 Ng4 14. Rfe1 Kh8
15. Rad1 f5 16. Nxf5 Nxf5 17. Bxc5 dxc5 18. Rxd7 Nd4 19. cxd4 Rxf2 20. Ne5 Qh5
21. Nf7+ Rxf7 22. h3 Rxd7 23. Be6 Qh4 24. Re2 Rf8 25. Bxg4 Rf1+ 26. Kh2 Rxd4
27. g3 Qe7 28. Rf2 Rxf2+ 29. Qxf2 Rxe4 30. Qf5 b6 31. Qc8+ Qe8 32. Qxc7 Re7 33.
Qf4 Rf7 34. Qd2 Qe7 35. Be6 Rf8 36. Bc4 Qf6 37. Kg2 Qf3+ 38. Kh2 Qf2+ 39. Qxf2
Rxf2+ 40. Kg1 Rxb2 41. a4 Rb4 42. Bb5 Rxb5 43. axb5 Kg8 44. Kg2 Kf7 45. Kf3 Ke6
46. Ke4 Kd6 47. g4 c4 48. Kd4 c3 49. Kxc3 Kc5 50. Kb3 Kxb5 51. h4 Kc5 0-1

[Event "Saint Louis Open"]
[Site "?"]
[Date "2010.04.10"]
[Round "1"]
[White "Dushyanth, Reddivari"]
[Black "Manley, Charles"]
[Result "1-0"]
[WhiteElo "1954"]
[BlackElo "827"]
[PlyCount "107"]
[EventDate "2010.??.??"]
[SourceDate "2010.04.10"]

1. d4 d5 2. c4 e6 3. Nc3 Nf6 4. Bg5 Be7 5. Nf3 O-O 6. e3 Nbd7 7. c5 c6 8. b4 h6
9. Bf4 Nh5 10. Bg3 Nxg3 11. hxg3 Nf6 12. Bd3 Re8 13. Bc2 Nd7 14. Qd3 Nf8 15.
Ne5 Bf6 16. f4 Bxe5 17. dxe5 b6 18. g4 bxc5 19. bxc5 Qa5 20. g5 Ba6 21. Qd4
hxg5 22. fxg5 Qd8 23. Qh4 Ng6 24. Bxg6 fxg6 25. Kd2 Rf8 26. Qh7+ Kf7 27. Raf1+
Bxf1 28. Rxf1+ Ke8 29. Qxg6+ Kd7 30. Rb1 Rf2+ 31. Ke1 Qf8 32. Rb7+ Kc8 33. Rxg7
Rf1+ 34. Kd2 Qf2+ 35. Kd3 Qf5+ 36. e4 Qxg6 37. Rxg6 dxe4+ 38. Nxe4 Rg1 39. Rg8+
Kb7 40. Nd6+ Ka6 41. Rxa8 Rxg2 42. Nf7 Rxa2 43. g6 Rg2 44. Rg8 Kb5 45. g7 Kxc5
46. Ke3 a5 47. Kf3 Rg1 48. Kf4 a4 49. Ng5 Rf1+ 50. Kg4 Kd5 51. Rd8+ Kxe5 52.
Nf3+ Rxf3 53. Kxf3 a3 54. g8=Q 1-0

[Event "Saint Louis Open"]
[Site "?"]
[Date "2010.04.10"]
[Round "3"]
[White "Hess, Robert L"]
[Black "Benjamin, Richard"]
[Result "1-0"]
[WhiteElo "2657"]
[BlackElo "2200"]
[PlyCount "73"]
[EventDate "2010.??.??"]
[SourceDate "2010.04.10"]

1. e4 e5 2. Nf3 Nc6 3. Bb5 Bc5 4. c3 Nf6 5. Qe2 O-O 6. O-O d6 7. Rd1 Qe7 8. h3
Bd7 9. d3 Bb6 10. Na3 a6 11. Ba4 Ba7 12. Nc2 b5 13. Bb3 Na5 14. Bg5 h6 15. Bh4
g5 16. Bg3 Nh5 17. Bh2 Nf4 18. Bxf4 gxf4 19. d4 Rad8 20. dxe5 dxe5 21. Rd5 Nxb3
22. Rxe5 Be6 23. axb3 Qd6 24. Ncd4 Bxd4 25. cxd4 Bxb3 26. Rf5 Be6 27. e5 Qc6
28. Rxf4 Rd7 29. Rf6 Kg7 30. Nh4 Qc4 31. Qh5 Rh8 32. Ra3 Rh7 33. Rg3+ Kh8 34.
Qxh6 Rd8 35. Qg5 Qxd4 36. Rh6 Qd2 37. Qg7# 1-0

[Event "Saint Louis Open"]
[Site "?"]
[Date "2010.04.10"]
[Round "3"]
[White "Bange, Steve"]
[Black "Hua, Margaret"]
[Result "1-0"]
[WhiteElo "1928"]
[BlackElo "1777"]
[PlyCount "81"]
[EventDate "2010.??.??"]
[SourceDate "2010.04.10"]

1. b4 e5 2. Bb2 d6 3. Nf3 Nf6 4. e3 Be7 5. Be2 O-O 6. c4 b6 7. Nc3 Bb7 8. Qb3
Nbd7 9. O-O c6 10. d3 Ne8 11. d4 f5 12. dxe5 dxe5 13. Rad1 Qc7 14. c5+ Kh8 15.
Qe6 Nb8 16. cxb6 axb6 17. Qb3 Bd6 18. e4 Qe7 19. b5 cxb5 20. Nd5 Bxd5 21. Qxd5
Ra5 22. exf5 Rxf5 23. Qb3 b4 24. g3 Nd7 25. Nh4 Rf8 26. Bc1 Qf6 27. Be3 Nc5 28.
Qxb4 Rxa2 29. Qc4 Ra4 30. Qd5 Rxh4 31. gxh4 Qxh4 32. f3 e4 33. f4 Bxf4 34. Bxf4
Rxf4 35. Rxf4 Qxf4 36. Rf1 Qe3+ 37. Kh1 Nf6 38. Qd8+ Ng8 39. Bc4 Qf3+ 40. Rxf3
exf3 41. Qxg8# 1-0

[Event "Saint Louis Open"]
[Site "?"]
[Date "2010.04.10"]
[Round "3"]
[White "Voelker, Jim"]
[Black "Harris, Peter"]
[Result "1-0"]
[WhiteElo "2140"]
[BlackElo "1585"]
[PlyCount "73"]
[EventDate "2010.??.??"]
[SourceDate "2010.04.10"]

1. e4 c6 2. d4 d5 3. exd5 cxd5 4. c4 Nc6 5. cxd5 Qxd5 6. Nf3 Bg4 7. Be2 Nf6 8.
Nc3 Qa5 9. O-O e6 10. h3 Bh5 11. Be3 Be7 12. a3 O-O 13. b4 Qc7 14. Rc1 a6 15.
g4 Bxg4 16. hxg4 Nxg4 17. Kg2 Bh4 18. Qd2 Rad8 19. Rh1 Bf6 20. Ne4 h6 21. Nxf6+
Nxf6 22. Bxh6 Ne4 23. Qe3 f5 24. Bf4 Qb6 25. Bc4 Rf6 26. Rcd1 Rg6+ 27. Kf1 a5
28. b5 Ne7 29. Ne5 Rf6 30. Qh3 Rh6 31. Bxh6 Rxd4 32. Rxd4 Qxd4 33. Bxe6+ Kf8
34. Bxg7+ Ke8 35. Qh8+ Ng8 36. Qxg8+ Ke7 37. Ng6+ 1-0

[Event "Saint Louis Open"]
[Site "?"]
[Date "2010.04.10"]
[Round "3"]
[White "Arun, Vikram"]
[Black "Mechem, Paul"]
[Result "1/2-1/2"]
[WhiteElo "1833"]
[BlackElo "2003"]
[PlyCount "100"]
[EventDate "2010.??.??"]
[SourceDate "2010.04.10"]

1. e4 c5 2. c3 Nf6 3. e5 Nd5 4. d4 cxd4 5. cxd4 e6 6. Nc3 Nxc3 7. bxc3 Qc7 8.
c4 d6 9. exd6 Bxd6 10. Nf3 Nc6 11. Be2 O-O 12. O-O b6 13. Bb2 Rd8 14. d5 exd5
15. cxd5 Ne5 16. Qd4 Re8 17. Rac1 Qd8 18. Rfd1 f6 19. Qd2 Nxf3+ 20. Bxf3 Bf5
21. Rc6 Qe7 22. Bc3 Rad8 23. Re1 Qxe1+ 24. Qxe1 Rxe1+ 25. Bxe1 Kf7 26. g4 Bc8
27. Kg2 Bb7 28. Rc1 Rc8 29. Rb1 Rc2 30. a4 Bf4 31. a5 Rc1 32. Rxc1 Bxc1 33.
axb6 axb6 34. Bb4 Bf4 35. Be4 Be5 36. h3 Bd4 37. Kf3 h6 38. d6 Bc8 39. Bd5+ Be6
40. Bc6 Bc5 41. Bxc5 bxc5 42. Ke4 c4 43. f4 c3 44. Kd3 f5 45. Bf3 Ke8 46. Kxc3
Kd7 47. gxf5 Bxf5 48. Bg4 Bxg4 49. hxg4 Kxd6 50. Kd4 Ke6 1/2-1/2

[Event "Saint Louis Open"]
[Site "?"]
[Date "2010.04.10"]
[Round "3"]
[White "Ho, Randy"]
[Black "Davidson, Robert"]
[Result "0-1"]
[WhiteElo "2019"]
[BlackElo "1846"]
[PlyCount "86"]
[EventDate "2010.??.??"]
[SourceDate "2010.04.10"]

1. e4 Nf6 2. e5 Nd5 3. d4 d6 4. c4 Nb6 5. exd6 exd6 6. Nc3 Nc6 7. Be3 Be7 8.
Bd3 O-O 9. Nge2 Bg4 10. f3 Bh5 11. b3 Bh4+ 12. Ng3 Re8 13. Kd2 Bg5 14. Nce4
Bxe3+ 15. Kxe3 d5 16. cxd5 Nxd5+ 17. Kf2 Bg6 18. Bc4 a6 19. Rc1 Kh8 20. Qd2 f5
21. Nc5 b6 22. Nxa6 f4 23. Ne2 Re7 24. Nxf4 Nxf4 25. Qxf4 Qxd4+ 26. Qxd4 Nxd4
27. Nb4 c5 28. Nd5 Rxa2+ 29. Kg3 Re5 30. Nxb6 Rg5+ 31. Kf4 Raxg2 32. Ra1 Rf5+
33. Ke4 Rxf3+ 34. Kd5 Rg5+ 35. Kd6 Rf6+ 36. Kc7 h5 37. Rhd1 Rc6+ 38. Kb7 Be4
39. Bd3 Bxd3 40. Rxd3 Rgg6 41. Nc4 Rce6 42. Ra5 Re7+ 43. Kc8 Rf6 0-1

[Event "Saint Louis Open"]
[Site "?"]
[Date "2010.04.10"]
[Round "3"]
[White "Zenyuk, Iryna"]
[Black "Nakamura, Hikaru"]
[Result "1/2-1/2"]
[WhiteElo "2280"]
[BlackElo "2817"]
[PlyCount "78"]
[EventDate "2010.??.??"]
[SourceDate "2010.04.10"]

1. d4 g6 2. c4 Bg7 3. Nf3 f5 4. g3 Nf6 5. Bg2 O-O 6. Nc3 d6 7. O-O c6 8. Rb1 a5
9. a3 Na6 10. b4 axb4 11. axb4 Nc7 12. Qb3 Kh8 13. b5 Bd7 14. Rd1 cxb5 15. cxb5
Ne4 16. Nxe4 fxe4 17. Ng5 d5 18. b6 Nb5 19. Ne6 Bxe6 20. Qxb5 Bf7 21. Bf4 Be8
22. Qb2 Bc6 23. Bh3 Qe8 24. Rdc1 g5 25. Bc7 Qh5 26. Be6 Qg6 27. Rxc6 bxc6 28.
Bd7 Ra5 29. e3 Rb5 30. Qc2 Rxb1+ 31. Qxb1 Qf7 32. Qb2 e5 33. b7 exd4 34. b8=Q
dxe3 35. Be5 Qxf2+ 36. Qxf2 exf2+ 37. Kf1 Rxb8 38. Bxb8 e3 39. Bxc6 d4 1/2-1/2

[Event "Saint Louis Open"]
[Site "?"]
[Date "2010.04.10"]
[Round "2"]
[White "Fan, Yun"]
[Black "Hess, Robert L"]
[Result "0-1"]
[WhiteElo "2079"]
[BlackElo "2657"]
[PlyCount "93"]
[EventDate "2010.??.??"]
[SourceDate "2010.04.10"]

1. e4 c5 2. Nf3 d6 3. d4 cxd4 4. Nxd4 Nf6 5. Nc3 g6 6. f3 a6 7. Be3 b5 8. a3
Bb7 9. Be2 Nbd7 10. O-O Bg7 11. Qd2 O-O 12. Rad1 Re8 13. Nb3 Qc7 14. Bd4 Rad8
15. Rfe1 e5 16. Be3 Nb6 17. Bxb5 axb5 18. Nxb5 Qd7 19. Bxb6 Qxb5 20. Bxd8 Rxd8
21. Qa5 Qe8 22. Qb6 Qe7 23. Na5 Ba8 24. c4 Bf8 25. c5 d5 26. b4 Rc8 27. Qa6 Re8
28. c6 dxe4 29. fxe4 Qe6 30. Rc1 Bd6 31. Qd3 Bc7 32. Qc3 Bb6+ 33. Kh1 Bxa5 34.
bxa5 Rc8 35. c7 Nxe4 36. Qb2 Qf6 37. Kg1 Kg7 38. Red1 Ng5 39. Qe2 Ne6 40. Rd7
Nf4 41. Qg4 h5 42. Rxf7+ Qxf7 43. Qxc8 Ne2+ 44. Kh1 Nxc1 45. Qh8+ Kxh8 46.
c8=Q+ Kg7 47. Qxc1 0-1

[Event "Saint Louis Open"]
[Site "?"]
[Date "2010.04.10"]
[Round "2"]
[White "Smith, Frank H"]
[Black "Zenyuk, Iryna"]
[Result "0-1"]
[WhiteElo "1962"]
[BlackElo "2280"]
[PlyCount "65"]
[EventDate "2010.??.??"]
[SourceDate "2010.04.10"]

1. e4 c5 2. Nf3 d6 3. d4 cxd4 4. Nxd4 Nf6 5. Nc3 g6 6. Be3 Bg7 7. f3 Nc6 8. Qd2
O-O 9. O-O-O Bd7 10. g4 Rc8 11. h4 Ne5 12. h5 Nxf3 13. Nxf3 Bxg4 14. Be2 Bxh5
15. Ng5 Bxe2 16. Qxe2 Rxc3 17. bxc3 Qa5 18. Qc4 Ng4 19. Rxh7 Bxc3 20. Qb3 Nxe3
21. Rxf7 Nc4 22. Rxf8+ Kxf8 23. Rf1+ Ke8 24. Qxc4 Qxg5+ 25. Kb1 Bf6 26. Qc8+
Kf7 27. Qxb7 Kg7 28. Qd5 Qe3 29. Qc4 a5 30. Rc1 Qb6+ 31. Qb3 Qd4 32. c3 Qxe4+
33. Qc2 0-1

[Event "Saint Louis Open"]
[Site "?"]
[Date "2010.04.10"]
[Round "2"]
[White "Frank, Josh"]
[Black "Gurevich, Dmitry"]
[Result "0-1"]
[WhiteElo "2021"]
[BlackElo "2514"]
[PlyCount "70"]
[EventDate "2010.??.??"]
[SourceDate "2010.04.10"]

1. Nf3 d5 2. g3 Nf6 3. Bg2 c6 4. O-O Bf5 5. d3 h6 6. Nbd2 e6 7. Qe1 Be7 8. e4
Bh7 9. Qe2 O-O 10. Re1 a5 11. h4 Na6 12. e5 Nd7 13. Nf1 Kh8 14. N1h2 Rg8 15.
Ng4 Qb6 16. Kh2 Bf5 17. Ne3 Bg6 18. g4 f6 19. exf6 Bd6+ 20. Kh1 Nxf6 21. g5 Nd7
22. Ng4 Bf5 23. Ne3 Bh7 24. h5 Rgf8 25. g6 Bg8 26. Ng4 Rf5 27. Bg5 hxg5 28. h6
e5 29. Ne3 Rf4 30. h7 Be6 31. Nxg5 Nf8 32. Qh5 Qd8 33. Bh3 Bxh3 34. Ng4 Bxg4
35. Qxg4 Nxg6 0-1

[Event "Saint Louis Open"]
[Site "?"]
[Date "2010.04.10"]
[Round "2"]
[White "Finegold, Benjamin"]
[Black "Ding, Jialin"]
[Result "1-0"]
[WhiteElo "2621"]
[BlackElo "2047"]
[PlyCount "85"]
[EventDate "2010.??.??"]
[SourceDate "2010.04.10"]

1. d4 Nf6 2. c4 g6 3. Nc3 Bg7 4. Nf3 O-O 5. Bg5 d6 6. e3 Nbd7 7. Be2 c6 8. O-O
Qc7 9. b4 Rd8 10. Qb3 Nf8 11. Rac1 e5 12. c5 exd4 13. exd4 d5 14. Bh4 Ne6 15.
Rfe1 Bd7 16. Bf1 Re8 17. Bg3 Nf4 18. Ne2 Bh6 19. Nxf4 Bxf4 20. Rxe8+ Rxe8 21.
Re1 Rxe1 22. Nxe1 Ne4 23. b5 Bxg3 24. hxg3 Nd2 25. Qb4 Nxf1 26. b6 Qb8 27. Kxf1
axb6 28. cxb6 Qa8 29. a4 Qa6+ 30. Kg1 Bf5 31. a5 Qe2 32. Nf3 Bd3 33. Qd2 Qf1+
34. Kh2 Be4 35. Qa2 Bxf3 36. gxf3 Qb5 37. Kg2 Kg7 38. Qa3 Qa6 39. Qe7 Qa8 40.
Qe5+ Kg8 41. a6 Qxa6 42. Qb8+ Kg7 43. Qa7 1-0

[Event "Saint Louis Open"]
[Site "?"]
[Date "2010.04.10"]
[Round "2"]
[White "Brooks, Michael A"]
[Black "Johnson, Kevin Dale"]
[Result "1/2-1/2"]
[WhiteElo "2442"]
[BlackElo "2000"]
[PlyCount "112"]
[EventDate "2010.??.??"]
[SourceDate "2010.04.10"]

1. e4 c5 2. Nf3 Nc6 3. d4 cxd4 4. Nxd4 g6 5. Nc3 Bg7 6. Be3 Nf6 7. Be2 O-O 8.
O-O d5 9. exd5 Nxd5 10. Nxd5 Qxd5 11. Bf3 Qa5 12. Bxc6 bxc6 13. c3 Qc7 14. Qc1
Rd8 15. Re1 e5 16. Nb3 Bf5 17. Bh6 c5 18. Bxg7 Kxg7 19. Qe3 c4 20. Nc5 Rd5 21.
b4 cxb3 22. Nxb3 Rad8 23. h3 f6 24. Rac1 Rd3 25. Qc5 Qxc5 26. Nxc5 Rd2 27. g4
Bc8 28. c4 h5 29. f3 hxg4 30. hxg4 Rxa2 31. Ra1 Rdd2 32. Rxa2 Rxa2 33. Rb1 Ra5
34. Rb5 Rxb5 35. cxb5 f5 36. gxf5 gxf5 37. Na4 Bb7 38. Kf2 Kf6 39. b6 axb6 40.
Nxb6 Kg5 41. Kg3 f4+ 42. Kf2 Ba6 43. Nd7 Kf5 44. Nc5 Bb5 45. Ne4 Ke6 46. Ng5+
Kd5 47. Ne4 Bc6 48. Ke2 Kd4 49. Nf6 Bb5+ 50. Kf2 Bd3 51. Ng4 Bf5 52. Nf6 Kd3
53. Nd5 Kd4 54. Nf6 Kc4 55. Ke2 Kd4 56. Kf2 Kd3 1/2-1/2

[Event "Saint Louis Open"]
[Site "?"]
[Date "2010.04.10"]
[Round "2"]
[White "Nakamura, Hikaru"]
[Black "Hall, Bill"]
[Result "1-0"]
[WhiteElo "2817"]
[BlackElo "2095"]
[PlyCount "61"]
[EventDate "2010.??.??"]
[SourceDate "2010.04.10"]

1. e4 d5 2. Nc3 dxe4 3. Nxe4 Bf5 4. Qf3 Qc8 5. Bc4 Nf6 6. Nxf6+ gxf6 7. c3 Nc6
8. d4 Bg4 9. Qg3 h5 10. h3 Bf5 11. Nf3 Qd7 12. Nh4 Be6 13. Bb5 a6 14. Be2 O-O-O
15. O-O Bg7 16. Rd1 Bd5 17. c4 Bxg2 18. d5 Be4 19. f3 Nd4 20. Rxd4 f5 21. Qf2
Rdg8 22. Kh1 Bxd4 23. Qxd4 f4 24. Bf1 Bh7 25. Bxf4 Kb8 26. c5 f6 27. c6 e5 28.
cxd7 exd4 29. Rc1 d3 30. Bxc7+ Ka7 31. Rd1 1-0

[Event "Saint Louis Open"]
[Site "?"]
[Date "2010.04.10"]
[Round "2"]
[White "Davies, Jim"]
[Black "Arun, Vikram"]
[Result "1/2-1/2"]
[WhiteElo "2008"]
[BlackElo "1833"]
[PlyCount "104"]
[EventDate "2010.??.??"]
[SourceDate "2010.04.10"]

1. e4 c6 2. d4 d5 3. Nc3 dxe4 4. Nxe4 Bf5 5. Ng3 Bg6 6. Nf3 Nd7 7. Bd3 Ngf6 8.
O-O e6 9. Re1 Be7 10. c4 Qc7 11. Bg5 Bxd3 12. Qxd3 h6 13. Bd2 O-O 14. Nf5 Bd6
15. Nxd6 Qxd6 16. Qb3 c5 17. Qa3 Rac8 18. Rad1 Qc7 19. b3 Rfd8 20. Bc3 a6 21.
dxc5 Nxc5 22. Be5 Qe7 23. h3 Rd7 24. Rd4 Rxd4 25. Bxd4 Rc7 26. Qa5 Nce4 27. Qe5
Nc5 28. Re3 Rc8 29. Nh2 Qc7 30. Qxc7 Rxc7 31. Bxf6 gxf6 32. Rg3+ Kf8 33. Ng4
Ne4 34. Rd3 h5 35. Ne3 Ke7 36. f3 Nc5 37. Rd1 f5 38. Kf2 Rd7 39. Ke2 f4 40.
Rxd7+ Nxd7 41. Nc2 Kf6 42. Ne1 Kg5 43. Nd3 e5 44. b4 f5 45. c5 e4 46. h4+ Kxh4
47. Nxf4 exf3+ 48. Kxf3 Ne5+ 49. Ke3 Ng4+ 50. Kf3 Kg5 51. Ne2 h4 52. a4 Nf6
1/2-1/2

[Event "Saint Louis Open"]
[Site "?"]
[Date "2010.04.10"]
[Round "2"]
[White "Mechem, Paul"]
[Black "Amanov, Mesgen"]
[Result "0-1"]
[WhiteElo "2003"]
[BlackElo "2469"]
[PlyCount "54"]
[EventDate "2010.??.??"]
[SourceDate "2010.04.10"]

1. d4 d5 2. Nf3 Nf6 3. e3 Bf5 4. c4 e6 5. Nc3 c6 6. Qb3 Qb6 7. c5 Qc7 8. Nh4
Bg6 9. Nxg6 hxg6 10. g3 Nbd7 11. Bg2 e5 12. f3 O-O-O 13. Bd2 exd4 14. exd4 Rxh2
15. Bf4 Rxh1+ 16. Bxh1 Re8+ 17. Kf1 Qa5 18. g4 Be7 19. Bg2 Bd8 20. Qc2 Bc7 21.
Bd2 Qa6+ 22. Kf2 Qc4 23. Be3 Bg3+ 24. Kxg3 Rxe3 25. Qd2 Rd3 26. Qe2 Rxc3 27.
Qe7 Rc1 0-1

[Event "Saint Louis Open"]
[Site "?"]
[Date "2010.04.10"]
[Round "3"]
[White "Garnier, Joe"]
[Black "Luther, Ronald G"]
[Result "0-1"]
[WhiteElo "1950"]
[BlackElo "2216"]
[PlyCount "64"]
[EventDate "2010.??.??"]
[SourceDate "2010.04.10"]

1. e4 g6 2. d4 Bg7 3. Nc3 d6 4. Be3 a6 5. Qd2 Nd7 6. Bc4 e6 7. a4 b6 8. Nge2
Bb7 9. O-O h6 10. f4 Ngf6 11. f5 exf5 12. exf5 d5 13. Bd3 g5 14. Rae1 O-O 15.
h4 Ng4 16. hxg5 Nxe3 17. Qxe3 Qxg5 18. Qh3 Rae8 19. f6 Nxf6 20. Rf3 Bc8 21. Bf5
Bxf5 22. Rxf5 Qe3+ 23. Qxe3 Rxe3 24. Nxd5 Nxd5 25. Rxd5 Rfe8 26. Kf2 R3e6 27.
c3 Bf6 28. Rh5 Bg5 29. Rxg5+ hxg5 30. d5 Rf6+ 31. Kg3 Re3+ 32. Kg4 Rf2 0-1

[Event "Saint Louis Open"]
[Site "?"]
[Date "2010.04.10"]
[Round "3"]
[White "Donofrio, Leo"]
[Black "Schmidt, Roger"]
[Result "1-0"]
[WhiteElo "1864"]
[BlackElo "1289"]
[PlyCount "43"]
[EventDate "2010.??.??"]
[SourceDate "2010.04.10"]

1. d4 Nf6 2. Nf3 d5 3. e3 Nc6 4. Bb5 Bd7 5. O-O e6 6. Qe2 Be7 7. c3 O-O 8. Nbd2
Re8 9. e4 dxe4 10. Nxe4 Nxe4 11. Qxe4 f5 12. Qc2 g5 13. Bc4 Bf6 14. Qxf5 Kg7
15. Qc2 e5 16. dxe5 Nxe5 17. Nxe5 Rxe5 18. f4 Bf5 19. Qf2 Re4 20. fxg5 Bd4 21.
cxd4 Qxd4 22. Qxd4+ 1-0

[Event "Saint Louis Open"]
[Site "?"]
[Date "2010.04.10"]
[Round "3"]
[White "Plagemann, Todd"]
[Black "Roush, John"]
[Result "1-0"]
[WhiteElo "1932"]
[BlackElo "1806"]
[PlyCount "61"]
[EventDate "2010.??.??"]
[SourceDate "2010.04.10"]

1. e4 e5 2. Nf3 Nc6 3. d4 exd4 4. Bc4 Bb4+ 5. c3 dxc3 6. bxc3 d5 7. Bxd5 Qf6 8.
Bg5 Bxc3+ 9. Kf1 Bxa1 10. Bxc6+ bxc6 11. Bxf6 Ba6+ 12. Kg1 Nxf6 13. Nbd2 Bc3
14. Qc2 O-O-O 15. Qxc3 Nxe4 16. Qa5 Nxd2 17. Qxa6+ Kb8 18. Nxd2 Rxd2 19. g3 Rd6
20. Kg2 c5 21. Qb5+ Rb6 22. Qxc5 h5 23. Rc1 Rc8 24. Qxh5 g6 25. Qf3 f5 26. a4
Rb4 27. a5 c5 28. Qd5 Rb5 29. Qd7 a6 30. Qd6+ Kb7 31. Re1 1-0